000 00884nas a2200313Ia 4500
001 90
003 CO-MdFUSB
005 20170407164551.0
008 151030s9999 ck 000 0 s d
022 _a1900-2645
037 _bUniversitaria de Santander
040 _aCO-MdFUSB
_bspa
_cCO-MdFUSB
_dCO-MdFUSB
_erda
041 0 _aspa
_hspa
245 1 0 _aPerfiles: revista de la comunidad académica UDES
_cUniversitaria de Santander
260 _aSantander
264 _aColombia :
_bUniversitaria de Santander
300 _aNúmero 2
_c28 cm.
310 _aNo aplica
_b2005
336 _2rdacontent
_a1
_ba1
337 _2rdamedia
_a2
_b5
338 _a2
362 _a2005
500 _a
546 _aTexto en español
650 _vPublicaciones seriadas
773 _dSantander Colombia : Universitaria de Santander, 2005
810 _hRevista
942 _cCR
_2ddc
_a2
999 _c49437
_d49437